-ARY Vocabulary Words - Statistics

General Stats
  • This quiz has been taken 298 times
    297 since last reset
  • The average score is 12 of 20
Answer Stats
definition word % Correct
where people can borrow books from library
95%
daily journal diary
93%
what Catholics pray; also a string of beads used in prayer rosary
80%
essential necessary
78%
motionless stationary
72%
where a river meets the sea estuary
71%
gland controlling hormones pituitary
70%
technical terms list, usually at the back of a book glossary
67%
average, plain ordinary
65%
a safe haven sanctuary
65%
person who calculates insurance premiums based on statistics actuary
59%
all words of a language vocabulary
59%
third ranking tertiary
58%
funeral home mortuary
55%
watchful, especially against danger wary
49%
causing prices to rise inflationary
44%
200th anniversary bicentenary
43%
judges, as a group judiciary
41%
change, or alter vary
37%
large flightless bird species cassowary
30%
No matching quizzes found
Score Distribution
Percent of People with Each Score
Percentile by Number Answered
Your Score History
You have not taken this quiz since the last reset